| 000 | 00475nam a2200181Ia 4500 | ||
|---|---|---|---|
| 008 | 131103s9999 xx 000 0 und d | ||
| 040 | _aLoreto College | ||
| 041 | _aEnglish | ||
| 082 |
_a821/TEN _bLCBkB/E304 |
||
| 245 |
_aTenone & other poems _cIntroduction by F.J. Rowe |
||
| 260 |
_aLondon _bMacmillan _c1915 |
||
| 300 |
_a80p. _c 22cm. |
||
| 504 | _aIncludes index | ||
| 650 | _aEnglish poems | ||
| 700 | _aRowe; F.J; int. | ||
| 850 | _aLCBkB/821/TEN | ||
| 942 | _cBK | ||
| 999 |
_c35727 _d86206 |
||